Dynasty 2017 cast - Statistics

General Stats
  • This quiz has been taken 346 times
    239 since last reset
  • The average score is 11 of 38
Answer Stats
Actor Character % Correct
Elizabeth Gillies Fallon Carrington
100%
Grant Show Blake Carrington
82%
James Mackay Steven Carrington
78%
Nathalie Kelley Cristal Flores
77%
Alan Dale Anders
70%
Rafael de la Fuente Sammy Jo
70%
Nicollette Sheridan Alexis Carrington
67%
Sam Adegoke Jeff Colby
64%
Robert Christopher Riley Michael Culhane
59%
Wakeema Hollis Monica Colby
59%
Sam Underwood Adam Carrington
47%
Sam Underwood Adam Carrington
47%
Maddison Brown Kirby Anders
44%
adam Huber Liam Ridley
40%
Brianna Brown Claudia Blaisdel
29%
Ana Brenda Contreras Cristal Jennings
26%
Daniella Alonso Cristal carrington
24%
Elaine hendrix Alexis Carrington
23%
Elena Tovar Iris
14%
Nick Wechsler Matthew Blaisdel
14%
Luis Fernandez Alejandro
11%
Kj Smith Kori Rucks
9%
Michael Patrick Lane Ted Dinard
9%
Katherine LaNasa Ada Stone
8%
Elizabeth Youman Evie Culhane
6%
Kelly Rutherford Melissa Daniels
6%
J.R. Cacia Rick Morales
6%
Michael Beach Stansfield
6%
Bill Smitrovich Tom Carrington
6%
David maldonado Willy santiago
6%
Hakeem Kae-Kazim Cesil Colby
5%
Brent Antonello Hank Sullivan
5%
Arnetia Walker Luella Culhane
5%
Michael Michele Dominque Deveraux
3%
Robert pralgo Bill Prather
1%
Steven Culp Tim Myers
1%
Kearran Giovanni Chief Johnson
0%
Sumalee Montano Deirdre
0%
No matching quizzes found
Score Distribution
Percent of People with Each Score
Percentile by Number Answered
Your Score History
You have not taken this quiz since the last reset